[Event "SV Waltrop 1 - SV Welper 2"]
[Site "Verbandsklasse - Gruppe 3 201"]
[Date "2019.02.03"]
[Round "6.5"]
[White "Sharma, Rakesh"]
[Black "Breidenbach, Rolf"]
[Result "0-1"]
[WhiteElo "1849"]
[BlackElo "1895"]
[Annotator "Daniel"]
[PlyCount "92"]
[EventDate "2019.??.??"]

1. d4 g6 2. e4 Bg7 3. f4 c6 4. Nf3 d5 5. e5 h5 6. Bd3 Nh6 7. Nc3 Bg4 8. Ne2 Nd7
9. c3 e6 10. Qc2 Bxf3 11. gxf3 Nf5 12. Bxf5 gxf5 13. Be3 Nf8 14. O-O-O Ng6 15.
Rde1 Qe7 16. Kb1 O-O-O 17. Nc1 Rdg8 18. c4 Qd7 19. Nd3 Bf8 20. c5 Nh4 21. Ref1
Rg2 22. Rf2 Rhg8 23. Ne1 R2g7 24. Rff1 Be7 25. Rhg1 Qd8 26. Rxg7 Rxg7 27. Rg1
$11 Qg8 28. Rxg7 Qxg7 29. Qf2 Bd8 30. Bd2 Kd7 31. Kc2 Qg8 32. b4 Be7 33. a4 b6
34. Qe3 bxc5 35. dxc5 Ng2 36. Nxg2 Qxg2 37. Qd3 Bd8 38. b5 Ba5 39. b6 axb6 40.
cxb6 Bxb6 41. Kb3 Qg1 42. a5 Ba7 43. h4 Qd1+ 44. Kb2 Qa4 45. Kc1 Bc5 46. a6 Kc7
0-1

[Event "SV Waltrop 1 - SV Welper 2"]
[Site "Verbandsklasse - Gruppe 3 201"]
[Date "2019.02.03"]
[Round "6.6"]
[White "Sehrbrock, Christoph"]
[Black "Kleff, Tim"]
[Result "1-0"]
[WhiteElo "1794"]
[BlackElo "1769"]
[PlyCount "33"]
[EventDate "2019.??.??"]

1. e4 e5 2. Nf3 Nc6 3. Nc3 Bc5 4. Nxe5 Bxf2+ 5. Kxf2 Nxe5 6. d4 Ng6 7. Bc4 N8e7
8. h4 Nc6 9. Bg5 f6 10. Be3 h5 11. Be2 Nxh4 12. Rxh4 g6 13. Qh1 Rf8 14. g4 f5
15. gxf5 Nb4 16. Rg1 Qf6 17. Rxg6 1-0

[Event "SV Waltrop 1 - SV Welper 2"]
[Site "Verbandsklasse - Gruppe 3 201"]
[Date "2019.02.03"]
[Round "6.7"]
[White "Schaller, Kai"]
[Black "Neumann, Robert"]
[Result "1/2-1/2"]
[WhiteElo "1730"]
[BlackElo "1820"]
[Annotator "Daniel"]
[PlyCount "115"]
[EventDate "2019.??.??"]

1. e4 e5 2. d4 exd4 3. Nf3 Nc6 4. Nxd4 Qh4 5. Be2 Bc5 6. Be3 d6 7. c3 Nxd4 8.
Bxd4 Qxe4 9. Bxc5 dxc5 10. O-O Qe7 11. Re1 Be6 12. Bc4 Qd7 13. Bxe6 fxe6 14.
Qh5+ Ke7 15. Qxc5+ Qd6 16. Qg5+ Kf7 17. Na3 Nf6 18. Nc4 Qd5 19. Ne5+ Kg8 20.
Rad1 Qb5 21. Qe3 Re8 22. Rd2 g6 23. Qh6 a5 24. Nxg6 Ng4 25. Qf4 hxg6 26. Qxg4
Qf5 $11 27. Qxf5 gxf5 28. Rd7 Rh7 29. Red1 Ree7 30. Rd8+ Kf7 31. Rb8 b6 32.
Rdd8 Kf6 33. f4 Rd7 34. Rf8+ Ke7 35. Rbe8+ Kd6 36. Rf6 Rhe7 37. Rxe7 Kxe7 38.
Rh6 Rd1+ 39. Kf2 Rd2+ 40. Kg3 Rxb2 41. Rh7+ Kd6 42. h4 Rxa2 43. Rh8 Rc2 44. h5
Rxc3+ 45. Kh2 Ke7 46. Rh7+ Kf8 47. Rh6 Rc6 48. Rg6 Kf7 49. Rg3 Rd6 50. h6 Rd8
51. Rg7+ Kf6 52. Rxc7 Kg6 53. Rc6 Rb8 54. Rxe6+ Kh7 55. Rf6 a4 56. Rxf5 Kg6 57.
Rb5 Kxh6 58. Kg3 1/2-1/2

[Event "SV Waltrop 1 - SV Welper 2"]
[Site "Verbandsklasse - Gruppe 3 201"]
[Date "2019.02.03"]
[Round "6.8"]
[White "Krause, Dieter"]
[Black "Krummsdorf, Joerg"]
[Result "0-1"]
[WhiteElo "1846"]
[BlackElo "1794"]
[PlyCount "88"]
[EventDate "2019.??.??"]

1. c4 e6 2. g3 d5 3. Bg2 Nf6 4. Nf3 Nbd7 5. cxd5 exd5 6. O-O Bd6 7. Nc3 c6 8.
d4 O-O 9. Bf4 Bxf4 10. gxf4 Nb6 11. Ne5 Bf5 12. e3 Ne4 13. Nxe4 dxe4 14. Rc1
Nd5 15. a3 Qh4 16. Qe1 f6 17. Nc4 Rad8 18. f3 Qxe1 19. Rfxe1 Rfe8 20. fxe4 Bxe4
21. Bxe4 Rxe4 22. Kf2 Kf7 23. Kf3 Re7 24. Rcd1 Red7 25. Na5 Ne7 26. Rc1 Nf5 27.
b4 Nd6 28. Nb3 Re7 29. Nd2 a6 30. a4 Nf5 31. Rc3 h6 32. Nc4 Nxd4+ 33. Kf2 Ne6
34. Re2 g5 35. f5 Ng7 36. e4 Nh5 37. Rd2 Rxd2+ 38. Nxd2 Nf4 39. Ke3 Nd5+ 40.
Kd4 Nxc3 41. Kxc3 Rd7 42. Nc4 Ke7 43. Ne3 h5 44. Kc4 Rd2 0-1

[Event "Rochade Rüttenscheid 1-SC Doppelbauer1"]
[Site "Verbandsklasse - Gruppe 3 201"]
[Date "2019.02.03"]
[Round "6.1"]
[White "Wagner, Norbert"]
[Black "Lindenmaier, Reinhard"]
[Result "1-0"]
[WhiteElo "2030"]
[BlackElo "2017"]
[PlyCount "71"]
[EventDate "2019.??.??"]

1. f4 d5 2. g3 g6 3. Bg2 Bg7 4. c3 c6 5. d3 Nd7 6. Nh3 Qb6 7. Nf2 Ngf6 8. e4 e5
9. Qe2 O-O 10. O-O dxe4 11. dxe4 exf4 12. gxf4 Qb5 13. Qxb5 cxb5 14. e5 Nh5 15.
Na3 a6 16. Be3 g5 17. fxg5 Bxe5 18. Ng4 Bc7 19. Bd4 f6 20. gxf6 Kf7 21. Be4 Bb6
22. Nh6+ Ke6 23. Bf5+ Kd6 24. Rad1 Bxd4+ 25. Rxd4+ Kc7 26. f7 Ndf6 27. Bxc8
Raxc8 28. Rf5 Rcd8 29. Nc2 Rxd4 30. Nxd4 Kd7 31. Nf3 Ke7 32. Ng5 Rd8 33. Re5+
Kd6 34. Re6+ Kd7 35. Nf5 Rf8 36. Re7+ 1-0

[Event "Rochade Rüttenscheid 1-SC Doppelbauer1"]
[Site "Verbandsklasse - Gruppe 3 201"]
[Date "2019.02.03"]
[Round "6.2"]
[White "Koprek, Juergen"]
[Black "Koth, Stefan"]
[Result "1/2-1/2"]
[WhiteElo "1827"]
[BlackElo "2029"]
[Annotator "Daniel"]
[PlyCount "133"]
[EventDate "2019.??.??"]

1. d4 d5 2. c4 c6 3. cxd5 cxd5 4. Nf3 Nc6 5. Nc3 Nf6 6. Bf4 a6 7. e3 Qb6 8. a3
e6 9. Bd3 Bd7 10. O-O Be7 11. Qe2 O-O 12. h3 Rac8 13. Rac1 Rfd8 14. Ne5 Be8 15.
g4 Nxe5 16. Bxe5 Bc6 17. f3 Nd7 18. Bg3 Nf8 19. Rc2 $11 Bd6 20. Bxd6 Rxd6 21.
Rfc1 Re8 22. f4 f6 23. Qf2 e5 24. fxe5 fxe5 25. g5 exd4 26. Rf1 Qd8 27. Qf7+
Kh8 28. exd4 Rd7 29. Qh5 g6 30. Qh4 Rg7 31. Rcf2 Ne6 32. Rf7 Qxg5+ 33. Qxg5
Nxg5 34. Rxg7 Kxg7 35. h4 Ne6 36. Ne2 Rf8 37. Rxf8 Kxf8 38. Kf2 Ke7 39. Ke3 Kf6
40. Kf3 h6 41. Kg4 Bd7 42. Kg3 g5 43. b4 Nc7 44. Nc3 Bf5 45. Be2 Ke6 46. Na4
Kd6 47. hxg5 hxg5 48. Nc3 Ne6 49. Bf3 Nxd4 50. Bxd5 Ne2+ 51. Nxe2 Kxd5 52. Kf3
Kc4 53. Ke3 Bd7 54. Nc1 g4 55. Nd3 Bf5 56. Nc5 Bc8 57. Ne4 Kd5 58. Nc3+ Ke5 59.
Ne4 Bd7 60. Nc5 Bc6 61. a4 b6 62. Nd3+ Kf5 63. a5 bxa5 64. bxa5 Bb7 65. Nc5 Bc8
66. Ne4 Ke5 67. Nf2 1/2-1/2

[Event "Rochade Rüttenscheid 1-SC Doppelbauer1"]
[Site "Verbandsklasse - Gruppe 3 201"]
[Date "2019.02.03"]
[Round "6.3"]
[White "Remmler, Volker"]
[Black "Storp, Thomas"]
[Result "1-0"]
[WhiteElo "2059"]
[BlackElo "1821"]
[PlyCount "95"]
[EventDate "2019.??.??"]

1. d4 d5 2. c4 e6 3. Nc3 Nf6 4. cxd5 exd5 5. Bg5 Be7 6. e3 O-O 7. Bd3 c6 8. Qc2
Nbd7 9. Nge2 h6 10. Bh4 Re8 11. f3 Qa5 12. Bf2 Nf8 13. O-O Bd6 14. Kh1 Qc7 15.
Bg1 N6h7 16. e4 dxe4 17. fxe4 f6 18. Rac1 Qe7 19. h3 Bd7 20. Rce1 Rac8 21. Qd2
Ne6 22. Bb1 b5 23. Qd3 Nhf8 24. Ng3 Ng5 25. h4 Nf7 26. Nh5 Bg4 27. Nf4 g5 28.
hxg5 hxg5 29. Nh3 Kg7 30. e5 fxe5 31. dxe5 Bb8 32. Bh2 Qe6 33. Rf6 Qc4 34. Qe3
Rxe5 35. Rxf7+ Kxf7 36. Bxe5 Bxe5 37. Nxg5+ Kg8 38. Bh7+ Nxh7 39. Nxh7 Kxh7 40.
Qxe5 Rg8 41. Ne4 Rg7 42. b3 Qb4 43. Nf6+ Kh6 44. Re4 Qd2 45. Rxg4 Qd1+ 46. Kh2
Rxg4 47. Qh5+ Kg7 48. Qxg4+ 1-0

[Event "Rochade Rüttenscheid 1-SC Doppelbauer1"]
[Site "Verbandsklasse - Gruppe 3 201"]
[Date "2019.02.03"]
[Round "6.4"]
[White "Kiparski, Manuel"]
[Black "Schulz, Hartmut"]
[Result "0-1"]
[WhiteElo "1790"]
[BlackElo "2025"]
[PlyCount "40"]
[EventDate "2019.??.??"]

1. d4 d5 2. c4 e6 3. Nc3 Nf6 4. Bf4 Be7 5. e3 O-O 6. h3 c6 7. cxd5 Nxd5 8. Bh2
c5 9. Nxd5 Qxd5 10. dxc5 Qxc5 11. a3 Nc6 12. Ne2 Rd8 13. Qc1 Qg5 14. Nc3 e5 15.
e4 Qg6 16. Qe3 Be6 17. Qg3 Qh6 18. Bd3 Bh4 19. Qf3 Nd4 20. Qd1 Qe3+ 0-1

[Event "Rochade Rüttenscheid 1-SC Doppelbauer1"]
[Site "Verbandsklasse - Gruppe 3 201"]
[Date "2019.02.03"]
[Round "6.5"]
[White "Bracht, Michael"]
[Black "Bruckmann, Jochen"]
[Result "1-0"]
[WhiteElo "1950"]
[BlackElo "1773"]
[Annotator "Daniel"]
[PlyCount "95"]
[EventDate "2019.??.??"]

1. d4 d5 2. Nf3 c5 3. e3 Nc6 4. c3 e6 5. Bd3 c4 6. Bc2 Bd6 7. e4 Nge7 8. e5 Bc7
9. Ng5 Ng6 10. f4 f5 11. O-O Nce7 12. Ba4+ Kf8 13. Nd2 h6 14. Nh3 Bd7 15. Bc2
Be8 16. Nf3 Bf7 17. Kh1 Nc6 18. Qe1 Qe7 19. Rg1 Bd8 20. g4 fxg4 21. Rxg4 Qe8
22. Qg1 Nce7 23. Bd2 Nf5 $11 24. Bxf5 exf5 25. Rg2 Rg8 26. Re1 Qe6 27. Qf2 Rc8
28. Nhg1 Rc6 29. Ne2 Rb6 30. Bc1 Nh8 31. Reg1 g6 32. Ne1 Be8 33. Nc2 a5 34. Ne3
Bf7 35. Qf3 g5 36. fxg5 Bxg5 37. Nxf5 Bxc1 38. Rxg8+ Bxg8 39. Nxc1 Qf7 40. Rf1
Bh7 41. Qh3 Kg8 42. Qg2+ Rg6 43. Nxh6+ Kg7 44. Rxf7+ Nxf7 45. Nf5+ Kf8 46. Qxd5
Rc6 47. Ng3 Ng5 48. Qd8+ 1-0

[Event "Rochade Rüttenscheid 1-SC Doppelbauer1"]
[Site "Verbandsklasse - Gruppe 3 201"]
[Date "2019.02.03"]
[Round "6.6"]
[White "Furchtbar, Uwe"]
[Black "Zimmermann, Dirk"]
[Result "1-0"]
[WhiteElo "1778"]
[BlackElo "1852"]
[PlyCount "97"]
[EventDate "2019.??.??"]

1. e4 d6 2. Nc3 Nf6 3. f4 c5 4. Nf3 Nc6 5. Bb5 e6 6. Bxc6+ bxc6 7. d3 Be7 8.
O-O Ba6 9. b3 Nd7 10. Qe1 Qc7 11. Rf2 O-O-O 12. Rb1 h6 13. Bd2 Rde8 14. Na4 Bd8
15. c4 f5 16. Re2 Nf6 17. e5 Nd7 18. exd6 Qxd6 19. Rd1 Bf6 20. Ne5 Bxe5 21.
fxe5 Qe7 22. Be3 Kb8 23. Qa5 Bc8 24. Nxc5 Nxc5 25. Bxc5 Qb7 26. Bd6+ Ka8 27. c5
Qa6 28. Qc3 g5 29. b4 Bd7 30. Rb2 Rc8 31. Rb3 Qb7 32. Ra3 Rh7 33. Rb1 Be8 34.
Qc4 Qf7 35. Ra5 Qg6 36. Rb3 Rb7 37. Rba3 Qf7 38. Ra6 Qd7 39. Rb6 Bf7 40. Qa6
Be8 41. Qc4 h5 42. Raa6 Qf7 43. a4 h4 44. a5 h3 45. Qc2 g4 46. b5 cxb5 47. c6
Rxb6 48. axb6 Rxc6 49. Qa2 1-0

[Event "Rochade Rüttenscheid 1-SC Doppelbauer1"]
[Site "Verbandsklasse - Gruppe 3 201"]
[Date "2019.02.03"]
[Round "6.7"]
[White "Deckert, Frank"]
[Black "Luecking, Joerg"]
[Result "1-0"]
[WhiteElo "1880"]
[BlackElo "1714"]
[Annotator "Daniel"]
[PlyCount "51"]
[EventDate "2019.??.??"]

1. d4 c5 2. e3 Nf6 3. Nf3 e6 4. Bd3 Nc6 5. c3 d5 6. O-O Bd6 7. Nbd2 O-O 8. dxc5
Bxc5 9. e4 Nxe4 10. Nxe4 dxe4 11. Bxe4 Qb6 12. Qe2 a5 $11 13. Rd1 Rd8 14. Bf4
Bd7 15. Ng5 g6 16. Nxh7 Kxh7 17. Qh5+ Kg8 18. Bxg6 fxg6 19. Qxg6+ Kh8 20. Rd3
Bxf2+ 21. Kh1 e5 22. Bg5 Rf8 23. Bh6 Rg8 24. Qf6+ Kh7 25. Rxd7+ Ne7 26. Rxe7+
1-0

[Event "Rochade Rüttenscheid 1-SC Doppelbauer1"]
[Site "Verbandsklasse - Gruppe 3 201"]
[Date "2019.02.03"]
[Round "6.8"]
[White "Foerster, Alexander"]
[Black "Jochmann, Christian"]
[Result "0-1"]
[WhiteElo "1698"]
[BlackElo "1822"]
[PlyCount "84"]
[EventDate "2019.??.??"]

1. g3 g6 2. Nf3 Bg7 3. Bg2 Nf6 4. d3 O-O 5. c4 d6 6. O-O e5 7. Nc3 Nc6 8. Rb1
Bd7 9. b4 Qc8 10. Re1 Bh3 11. Bh1 h6 12. b5 Ne7 13. e4 Nh5 14. Bg2 Bxg2 15.
Kxg2 f5 16. exf5 Qxf5 17. Ne4 Rf7 18. Nh4 Qe6 19. Be3 Nf6 20. Nxf6+ Qxf6 21.
Kg1 d5 22. Rf1 Qe6 23. Qe2 g5 24. Ng2 Nf5 25. a4 b6 26. g4 Ne7 27. h3 c5 28.
Bd2 Ng6 29. Rbd1 Re8 30. cxd5 Qxd5 31. Qe4 Ne7 32. Qc4 Rd8 33. Bc3 Qf3 34. Kh2
Nd5 35. Bb2 Qe2 36. Qc1 Rxf2 37. Rxf2 Qxf2 38. Rf1 Qe2 39. Kg1 Nf4 40. Nxf4
gxf4 41. Rd1 f3 42. Rd2 f2+ 0-1

[Event "SF Kirchhellen 1 - SC Listiger Bauer Es"]
[Site "Verbandsklasse - Gruppe 3 201"]
[Date "2019.02.03"]
[Round "6.1"]
[White "Kunisch, Siegfried"]
[Black "Sinnwell, Horst"]
[Result "1/2-1/2"]
[WhiteElo "2041"]
[BlackElo "2037"]
[PlyCount "41"]
[EventDate "2019.??.??"]

1. e4 e6 2. d4 d5 3. e5 c5 4. c3 Bd7 5. Nf3 Qb6 6. Na3 a6 7. Be2 Nc6 8. O-O
cxd4 9. cxd4 Nge7 10. Nc2 Nb4 11. Ne3 Ng6 12. g3 Bb5 13. Bxb5+ Qxb5 14. Qb3 Be7
15. Bd2 Nc6 16. Qc2 O-O 17. a4 Qb6 18. Qd3 Bb4 19. Bxb4 Nxb4 20. Qb3 Rfc8 21.
Rfc1 1/2-1/2

[Event "SF Kirchhellen 1 - SC Listiger Bauer Es"]
[Site "Verbandsklasse - Gruppe 3 201"]
[Date "2019.02.03"]
[Round "6.2"]
[White "Hoffterheide, Thomas"]
[Black "Klups, Christoph"]
[Result "1/2-1/2"]
[WhiteElo "1970"]
[BlackElo "1958"]
[PlyCount "111"]
[EventDate "2019.??.??"]

1. e4 c5 2. Nf3 Nc6 3. d4 cxd4 4. Nxd4 Nf6 5. Nc3 e5 6. Nf3 Bb4 7. Bd2 O-O 8.
Bd3 Bxc3 9. Bxc3 d5 10. Nxe5 Nxe5 11. Bxe5 dxe4 12. Be2 Qa5+ 13. Bc3 Qg5 14.
Qd2 Qg6 15. O-O-O Be6 16. Kb1 Nd5 17. Bd4 Rfc8 18. h4 f6 19. h5 Qe8 20. c4 Ne7
21. b3 Nc6 22. Bb2 h6 23. Qf4 a5 24. Bg4 a4 25. Rd6 Bxg4 26. Qxg4 axb3 27. axb3
Rc7 28. Rhd1 Rf7 29. Re6 Qb8 30. Qxe4 Qa7 31. Re8+ Rxe8 32. Qxe8+ Rf8 33. Qe6+
Kh8 34. Qe1 Qb6 35. Qe3 Qa5 36. Rd5 Qa8 37. Rd7 Re8 38. Qd2 Re6 39. f4 Qe8 40.
Rxb7 Re1+ 41. Bc1 Qe4+ 42. Ka1 Re2 43. Qd6 Qxg2 44. Qd1 Re8 45. Kb1 Nd4 46. Rd7
Ra8 47. Bd2 Qe4+ 48. Kb2 Qd3 49. Rd5 Rb8 50. Ka2 Qe4 51. Bc3 Ne2 52. Qd2 Nxc3+
53. Qxc3 Ra8+ 54. Kb2 Qh1 55. Ra5 Re8 56. Rd5 1/2-1/2

[Event "SF Kirchhellen 1 - SC Listiger Bauer Es"]
[Site "Verbandsklasse - Gruppe 3 201"]
[Date "2019.02.03"]
[Round "6.3"]
[White "Mandl, Stefan"]
[Black "Borgs, Martin"]
[Result "1/2-1/2"]
[WhiteElo "1933"]
[BlackElo "1969"]
[PlyCount "26"]
[EventDate "2019.??.??"]

1. e4 c5 2. Nf3 e6 3. Nc3 a6 4. g3 d6 5. Bg2 Qc7 6. O-O Nf6 7. Re1 Nbd7 8. d4
cxd4 9. Qxd4 Be7 10. h3 O-O 11. Be3 b6 12. Rad1 Bb7 13. Bg5 Rfd8 1/2-1/2

[Event "SF Kirchhellen 1 - SC Listiger Bauer Es"]
[Site "Verbandsklasse - Gruppe 3 201"]
[Date "2019.02.03"]
[Round "6.4"]
[White "Schueppel, Werner"]
[Black "Ball, Joerg"]
[Result "0-1"]
[WhiteElo "1938"]
[BlackElo "1895"]
[PlyCount "76"]
[EventDate "2019.??.??"]

1. d4 f5 2. Nf3 Nf6 3. c4 g6 4. Nc3 Bg7 5. Bg5 O-O 6. Qb3 d6 7. Bxf6 Bxf6 8.
O-O-O c6 9. e3 Qe8 10. d5 Kh8 11. Nd4 Na6 12. Be2 Nc5 13. Qc2 a5 14. Na4 Nxa4
15. Qxa4 Bd7 16. Qc2 cxd5 17. Kb1 dxc4 18. Bxc4 Rc8 19. Qd3 e5 20. Nb5 e4 21.
Qe2 Bxb5 22. Bxb5 Qe5 23. Rc1 Rfd8 24. h3 Rxc1+ 25. Rxc1 d5 26. a4 d4 27. exd4
Rxd4 28. Rc4 Rd1+ 29. Ka2 Qd6 30. Rc2 Rd4 31. Bc4 Qb4 32. Bb3 Rd3 33. Rc8+ Kg7
34. Qc2 Rd2 35. Rc7+ Kh6 36. Qc1 Bxb2 37. Qxb2 Rxb2+ 38. Kxb2 Qd4+ 0-1

[Event "SF Kirchhellen 1 - SC Listiger Bauer Es"]
[Site "Verbandsklasse - Gruppe 3 201"]
[Date "2019.02.03"]
[Round "6.5"]
[White "Wagner, Ole"]
[Black "Schlueter, Christoph"]
[Result "1/2-1/2"]
[WhiteElo "1904"]
[BlackElo "1963"]
[PlyCount "62"]
[EventDate "2019.??.??"]

1. Nf3 c5 2. b3 Nf6 3. Bb2 d5 4. e3 g6 5. c4 Bg7 6. cxd5 O-O 7. Qc2 Qxd5 8. Bc4
Qd8 9. Nc3 Nc6 10. a3 Na5 11. e4 Nxc4 12. bxc4 Bg4 13. Ne5 Be6 14. O-O Nh5 15.
Nd5 Qd6 16. Nd3 Bxd5 17. exd5 e6 18. Bxg7 Nxg7 19. Qb3 Rab8 20. Rfe1 exd5 21.
cxd5 Nf5 22. Qc4 b6 23. a4 Rbd8 24. Re5 Nd4 25. Rae1 f6 26. Re7 Rf7 27. Rxf7
Kxf7 28. Qa6 Rd7 29. Qc8 Rd8 30. Qh3 Kg7 31. Qe3 Nf5 1/2-1/2

[Event "SF Kirchhellen 1 - SC Listiger Bauer Es"]
[Site "Verbandsklasse - Gruppe 3 201"]
[Date "2019.02.03"]
[Round "6.6"]
[White "Belitz, Marco"]
[Black "Petri, Norbert"]
[Result "0-1"]
[WhiteElo "1815"]
[BlackElo "1864"]
[PlyCount "52"]
[EventDate "2019.??.??"]

1. e4 d6 2. d4 Nf6 3. Nc3 g6 4. Be3 Bg7 5. f3 c6 6. Qd2 h5 7. O-O-O b5 8. Kb1
a6 9. Nh3 Bxh3 10. gxh3 Nbd7 11. Bg2 Nb6 12. Bg5 O-O 13. f4 Nc4 14. Qe2 Qa5 15.
Rd3 e6 16. f5 b4 17. Nd1 exf5 18. exf5 Qxf5 19. Rg3 d5 20. Rf1 Qe6 21. Qd3 Ne4
22. Bxe4 dxe4 23. Qe2 Bxd4 24. Bh6 Bg7 25. Bxg7 Kxg7 26. Qxh5 Nd2+ 0-1

[Event "SF Kirchhellen 1 - SC Listiger Bauer Es"]
[Site "Verbandsklasse - Gruppe 3 201"]
[Date "2019.02.03"]
[Round "6.7"]
[White "Jondral, Luis"]
[Black "Gajda, Peter"]
[Result "0-1"]
[WhiteElo "1637"]
[BlackElo "1843"]
[PlyCount "74"]
[EventDate "2019.??.??"]

1. Nf3 g6 2. c4 Bg7 3. d4 c5 4. Nc3 cxd4 5. Nxd4 Nf6 6. e4 d6 7. Be2 O-O 8. O-O
Qb6 9. Be3 Qa5 10. Qd2 Re8 11. Rad1 Nc6 12. Nb3 Qc7 13. Nb5 Qd8 14. f3 a6 15.
N5d4 Nxd4 16. Bxd4 Be6 17. Qe3 Qc8 18. Rc1 Nd7 19. Bxg7 Kxg7 20. f4 Nc5 21. Nd4
Bg4 22. f5 Bxe2 23. Qxe2 Nd7 24. Nf3 Qc5+ 25. Kh1 Nf6 26. b3 Rac8 27. Qb2 Kg8
28. fxg6 hxg6 29. Rce1 b5 30. cxb5 Qxb5 31. e5 dxe5 32. Nxe5 Rc5 33. Rf3 Rec8
34. Rh3 Rxe5 35. Rd1 Qe2 36. Qa1 Rc2 37. Rd8+ Kg7 0-1

[Event "SF Kirchhellen 1 - SC Listiger Bauer Es"]
[Site "Verbandsklasse - Gruppe 3 201"]
[Date "2019.02.03"]
[Round "6.8"]
[White "Langer, Raimund"]
[Black "Nacke, Klaus"]
[Result "0-1"]
[WhiteElo "1777"]
[BlackElo "1710"]
[PlyCount "66"]
[EventDate "2019.??.??"]

1. e4 e6 2. d4 d5 3. Nd2 Nf6 4. e5 Nfd7 5. c3 Be7 6. f4 c5 7. Bd3 g5 8. f5 exf5
9. Bxf5 Nc6 10. e6 Nf6 11. exf7+ Kxf7 12. Bxc8 Qxc8 13. Ngf3 g4 14. Ne5+ Kg7
15. O-O cxd4 16. Nxc6 bxc6 17. cxd4 c5 18. dxc5 Bxc5+ 19. Kh1 Rf8 20. Nb3 Bb6
21. Nd4 Ne4 22. Be3 Qd7 23. Rc1 Rae8 24. Qe2 g3 25. Qh5 Nf2+ 26. Bxf2 gxf2 27.
Nf3 Qf5 28. Qxf5 Rxf5 29. Rcd1 Re2 30. Rd2 Rxd2 31. Nxd2 Re5 32. Nf3 Re2 33.
Rb1 Rxb2 0-1

[Event "SV Wattenscheid 2 - SG Bochum 2"]
[Site "Regionalliga 2018/2019"]
[Date "2019.02.10"]
[Round "7.1"]
[White "Tkachuk, Konstantyn"]
[Black "Schlehoefer, Ralf"]
[Result "1-0"]
[WhiteElo "2252"]
[BlackElo "2195"]
[PlyCount "29"]
[EventDate "2019.??.??"]

1. e4 e5 2. Nf3 Nc6 3. Bc4 d6 4. Nc3 Be6 5. Bb3 g6 6. d4 Bxb3 7. axb3 Bg7 8.
Bg5 Qd7 9. dxe5 Nxe5 10. O-O Ne7 11. Nxe5 Bxe5 12. f4 Bg7 13. e5 Nf5 14. Nd5
O-O 15. g4 1-0

[Event "SV Wattenscheid 2 - SG Bochum 2"]
[Site "Regionalliga 2018/2019"]
[Date "2019.02.10"]
[Round "7.3"]
[White "Tkachuk, Sergij"]
[Black "Gohla, Ulf"]
[Result "1/2-1/2"]
[WhiteElo "2208"]
[BlackElo "2165"]
[Annotator "Daniel"]
[PlyCount "73"]
[EventDate "2019.??.??"]

1. e4 e5 2. Nf3 Nc6 3. Bc4 Bc5 4. Nc3 a6 5. d3 h6 6. Be3 d6 7. d4 exd4 8. Nxd4
Nxd4 9. Bxd4 Bxd4 10. Qxd4 Qf6 11. Qd2 Ne7 12. O-O-O Be6 13. Nd5 Bxd5 14. Bxd5
Nxd5 15. Qxd5 Qg5+ 16. Kb1 Qxd5 17. Rxd5 O-O-O $11 18. c4 Rhe8 19. f3 Re5 20.
Rhd1 Rxd5 21. cxd5 Re8 22. Kc2 Re5 23. Kd3 f5 24. g4 fxe4+ 25. fxe4 Rg5 26. Rg1
h5 27. h3 c6 28. dxc6 bxc6 29. Ke3 Re5 30. gxh5 Rxh5 31. Rg3 Rh4 32. b4 g5 33.
Kd4 Kc7 34. a4 d5 35. Rg4 Rxh3 36. Rxg5 dxe4 37. Re5 1/2-1/2

[Event "SV Wattenscheid 2 - SG Bochum 2"]
[Site "Regionalliga 2018/2019"]
[Date "2019.02.10"]
[Round "7.4"]
[White "Schlange, Stefan"]
[Black "Stricker, Florian"]
[Result "1-0"]
[WhiteElo "2070"]
[BlackElo "2070"]
[PlyCount "81"]
[EventDate "2019.??.??"]

1. e4 e5 2. Nc3 Nc6 3. Bc4 Nf6 4. d3 Be7 5. f4 d6 6. Nf3 Bg4 7. O-O exf4 8.
Bxf4 Ne5 9. Bxe5 Bxf3 10. Qxf3 dxe5 11. Qg3 Qd4+ 12. Kh1 O-O 13. Rf5 c6 14.
Raf1 Kh8 15. Qxe5 Qxe5 16. Rxe5 Bd6 17. Ref5 Rae8 18. h3 Be5 19. g4 h6 20. Nd1
b5 21. Bb3 c5 22. Kg2 c4 23. dxc4 Nxe4 24. cxb5 f6 25. Re1 Nd6 26. Rf2 Nxb5 27.
c3 Rb8 28. Ne3 Nd6 29. Nd5 Rfe8 30. Ba4 Bg3 31. Rxe8+ Rxe8 32. Bxe8 Bxf2 33.
Kxf2 Nxe8 34. Ke3 Kg8 35. c4 Kf7 36. c5 Ke6 37. Kd4 f5 38. b4 g5 39. gxf5+ Kxf5
40. a4 g4 41. Ne3+ 1-0

[Event "SV Wattenscheid 2 - SG Bochum 2"]
[Site "Regionalliga 2018/2019"]
[Date "2019.02.10"]
[Round "7.5"]
[White "Biermann, Lenhard"]
[Black "Schwebel, Markus"]
[Result "1-0"]
[WhiteElo "2063"]
[BlackElo "2007"]
[PlyCount "73"]
[EventDate "2019.??.??"]

1. d4 Nf6 2. Nf3 g6 3. c4 Bg7 4. Nc3 d5 5. Qb3 dxc4 6. Qxc4 a6 7. Bf4 c5 8.
Qxc5 O-O 9. e4 Nc6 10. d5 Nd7 11. Qe3 Nce5 12. Be2 b5 13. O-O Bb7 14. Nxe5 Nxe5
15. Bh6 Bxh6 16. Qxh6 Rc8 17. Qd2 Qa5 18. a3 Rfd8 19. f4 Qb6+ 20. Kh1 Nc4 21.
Bxc4 Rxc4 22. b3 Rc7 23. f5 Rdc8 24. Rac1 b4 25. axb4 Qxb4 26. Rf3 Kf8 27. fxg6
hxg6 28. Qh6+ Ke8 29. Qh8+ Kd7 30. Qh3+ Ke8 31. d6 exd6 32. Qh8+ Ke7 33. Qf6+
Ke8 34. Rh3 Re7 35. Rh8+ Kd7 36. Rxc8 Bxc8 37. Qxe7+ 1-0

[Event "SV Wattenscheid 2 - SG Bochum 2"]
[Site "Regionalliga 2018/2019"]
[Date "2019.02.10"]
[Round "7.7"]
[White "Mazarov, Juergen"]
[Black "Thelen, Thomas"]
[Result "0-1"]
[WhiteElo "2057"]
[BlackElo "1979"]
[PlyCount "82"]
[EventDate "2019.??.??"]

1. e4 c5 2. Nf3 d6 3. d4 cxd4 4. Nxd4 Nf6 5. Nc3 a6 6. f3 e5 7. Nb3 Be6 8. Be3
Nbd7 9. g4 b5 10. g5 Nh5 11. Qd2 Nb6 12. Nd5 Bxd5 13. exd5 Rc8 14. Qa5 Nxd5 15.
Qxa6 Nxe3 16. Bxb5+ Ke7 17. Qa7+ Rc7 18. Qxe3 Qc8 19. c4 f5 20. c5 Kf7 21.
O-O-O dxc5 22. Bc4+ Kg6 23. Qxe5 Be7 24. Be6 Bxg5+ 25. Kb1 Qb7 26. Qxf5+ Kh6
27. Rhg1 Bf6 28. Bd5 Qc8 29. Qxc8 Rhxc8 30. Bc4 Rb8 31. Rg2 Nf4 32. Rc2 Ng6 33.
Rd5 Ne5 34. f4 Nd7 35. Bd3 Rb4 36. Bf5 Nb6 37. Rdxc5 Re7 38. Bd3 Na4 39. R5c4
Re1+ 40. Rc1 Rxc1+ 41. Kxc1 Nxb2 0-1

[Event "SV Wattenscheid 2 - SG Bochum 2"]
[Site "Regionalliga 2018/2019"]
[Date "2019.02.10"]
[Round "7.8"]
[White "Jenderny, Dietmar"]
[Black "Zeldin, Vitali"]
[Result "0-1"]
[WhiteElo "1760"]
[BlackElo "1979"]
[PlyCount "65"]
[EventDate "2019.??.??"]

1. Nf3 c5 2. g3 Nc6 3. c4 d6 4. Bg2 g6 5. Nc3 Bg7 6. O-O Nf6 7. d3 O-O 8. b3 a6
9. Bb2 Rb8 10. d4 cxd4 11. Nxd4 Bd7 12. Re1 Qb6 13. Nxc6 Bxc6 14. e4 Rfd8 15.
Qe2 e6 16. Rad1 Qc7 17. Rd2 b5 18. cxb5 axb5 19. b4 Nd7 20. Rc2 Qb6 21. Bf1 Ne5
22. Nb1 Nc4 23. Bxg7 Kxg7 24. Nd2 d5 25. exd5 exd5 26. Nxc4 bxc4 27. Qe5+ Kg8
28. Qf6 Ba4 29. Qxb6 Rxb6 30. Rd2 Rxb4 31. Rd4 Bc6 32. Rc1 Rdb8 33. Bd3 0-1

[Event "Oberhausener SV 2 - SC Hansa Dortmund 2"]
[Site "Regionalliga 2018/2019"]
[Date "2019.02.10"]
[Round "7.1"]
[White "Sundorf, Jannik"]
[Black "Krueger, AndrÃ©"]
[Result "1/2-1/2"]
[WhiteElo "2108"]
[BlackElo "1946"]
[PlyCount "42"]
[EventDate "2019.??.??"]

1. d4 d5 2. Nf3 Nf6 3. c4 dxc4 4. e3 Bg4 5. h3 Bh5 6. Bxc4 e6 7. O-O Nc6 8. Nc3
Bd6 9. Be2 O-O 10. e4 Bxf3 11. Bxf3 Nxd4 12. Be3 Nxf3+ 13. Qxf3 Be5 14. Rac1 c6
15. Bc5 Re8 16. Qe3 b6 17. Ba3 c5 18. g3 Bd4 19. Qe2 Qc7 20. Kh2 Qb7 21. Rfe1
Bxc3 1/2-1/2